01652nam a2200385 a 4500001001200000003000800012006001900020007001500039008004100054010001700095020002700112020002700139020001800166020002700184040002100211035002100232050002500253100001900278245011600297260005100413300003800464490003400502504005100536505017100587533015200758630003600910630002800946630002700974650003501001650003901036655002901075710001701104856012601121999001901247ebr10484747CaPaEBRm u cr cn|||||||||110810s2011 inuad sb 001 0 eng d z 2011921774 z9781118087619 (e-book) z9781118087626 (e-book) z9780470889510 z9781118087657 (e-book) aCaPaEBRcCaPaEBR a(OCoLC)75032653114aQA76.59b.P43 2011eb1 aPearce, James.10aProfessional mobile web development with WordPress, Joomla!, and Drupalh[electronic resource] /cJames Pearce. aIndianapolis, Ind. :bWiley Pub., Inc.,c2011. axxix, 520 p. :bill. (some col.).0 aWrox programmer to programmer aIncludes bibliographical references and index.0 apt. 1. The world of the mobile Web -- pt. 2. General mobile techniques -- pt. 3. Major CMS platforms -- pt. 4. Enhancing and launching your site -- pt. 5. References. aElectronic reproduction.bPalo Alto, Calif. :cebrary,d2013.nAvailable via World Wide Web.nAccess may be limited to ebrary affiliated libraries.00aWordPress (Electronic resource)00aJoomla! (Computer file)00aDrupal (Computer file) 0aMobile computingxProgramming. 0aApplication softwarexDevelopment. 7aElectronic books.2local2 aebrary, Inc.40uhttp://site.ebrary.com/lib/rucke/Doc?id=10484747zAn electronic book accessible through the World Wide Web; click to view c224046d224046